| 000 | 00916cab a2200253 4500 | ||
|---|---|---|---|
| 001 | WB3501-48 | ||
| 008 | 090401t1999 xxu||||| |||| 00| 0 eng d | ||
| 035 | _a(Sirsi) u90504 | ||
| 041 | _aeng | ||
| 245 | _aHome working fails to compete | ||
| 260 | _c1999 | ||
| 350 | _a0 | ||
| 490 |
_aSunday Business _v3 January 1999, 6(2) |
||
| 520 | _aA survey commissioned by Richard Ellis suggests that although 73% of the companies surveyed had the facilities for employees to work at home, only 37% encourage such working. Workers themselves still feel the need to interact and socialise with colleagues. | ||
| 650 | _aFLEXIBLE WORKING | ||
| 650 | _aHOMEWORKING | ||
| 650 | _aMANAGEMENT-BUSINESS MANAGEMENT-INFORMATION MANAGEMENT | ||
| 650 | _aVIRTUAL OFFICE | ||
| 650 | _aWORKING AT HOME | ||
| 650 | _aWORKING PATTERNS | ||
| 690 | _aOFFICE SERVICES AND ADMINISTRATION | ||
| 942 | _n0 | ||
| 948 | _c05/01/1999 | ||
| 999 |
_c57385 _d57385 |
||